LEADER 01187nam a2200253 4500 001 000000331887 003 CaOOAMICUS 005 20190109095900.0 008 190108s2002 gw a 000 u ger r 020 $a3-451-27410-8 040 $aSeMil$bita 100 1 $aHofacker, Peter.$0(OLS)http://semarc/name/108790 245 10$aLabyrinthe :$bUrsymbole des Lebens : Werkbuch für Gemeinde, Gottesdienst und Schule /$cPeter Hofacker, Mathias Wolf. 264 1$aFreiburg ; Basel ; Wien :$bHerder,$c2002. 300 $a152 p. :$bill. ;$c22 cm 650 4$aLabirinto - Simbolismo.$0(OLS)http://semarc/subject/48056 650 4$aLabirinto - Cristianesimo.$0(OLS)http://semarc/subject/42054 700 1 $aWolf, Mathias.$0(OLS)http://semarc/name/108791 850 $aSeMil 852 $aSeMil$W1$xVenegono$y1$m3XB III 30$j211568$B223837$CSeMilBibl$Z2$F223837 $81 996 $6020$a3-451-27410-8$9(OLS)http://semarc/number/286062 996 $6245$aLabyrinthe :$bUrsymbole des Lebens : Werkbuch für Gemeinde, Gottesdienst und Schule$9(OLS)http://semarc/title/420609 996 $6264$aFreiburg ; Basel ; Wien :$bHerder$9(OLS)http://semarc/publisher/29643 LEADER 01148nam a2200241 i 4500 001 000000067733 003 CaOOAMICUS 005 20100607000000.0 008 100607s1965 gw u000 u ger u 013 $a38905 040 $aSeMil$bita 100 1 $aSchmidt-Kohl, Volker.$0(OLS)http://semarc/name/33870 245 14$aDie neuplatonische Seelenlehre in der Consolatio Philosophiae des Boethius /$cvon Volker Schmidt-Kohl. 260 $aMeisenheim am Glan :$bAnton Hain,$c1965. 300 $a56 p. ;$c23 cm. 490 0 $aBeiträge zur klassischen Philologie ;$vHf.16 650 4$aNeoplatonismo.$0(OLS)http://semarc/subject/1382 650 4$aBoezio, Severino <480-524> . De consolatione philosophiae.$0(OLS)http://semarc/subject/11290 830 0$aBeiträge zur klassischen Philologie ;$vHf.16.$0(OLS)http://semarc/title/10116 850 $aSeMil 852 $aSeMil$W1$xVenegono$y1$m2O I 283$j33886$B33886$CSeMilBibl$Z2$F33889 $81 996 $6245$aDie neuplatonische Seelenlehre in der Consolatio Philosophiae des Boethius$9(OLS)http://semarc/title/107977 996 $6260$aMeisenheim am Glan :$bAnton Hain$9(OLS)http://semarc/publisher/32067